Monitoring the Future: A Continuing Study of American Youth, 1977 (Restricted-Use)

This data collection is part of the Monitoring the Future series that explores changes in important values, behaviors, and lifestyle orientations of contemporary American youth in eighth, tenth, and twelfth grades. The collection provides two datasets for each year since 1976 that are accessible onl...

Ausführliche Beschreibung

Gespeichert in:  
Bibliographische Detailangaben
1. VerfasserIn: Miech, Richard A. (Verfasst von)
Beteiligte: Bachman, Jerald G. (Mitwirkung) ; Johnston, Lloyd D. (Mitwirkung) ; O'Malley, Patrick M. (Mitwirkung) ; Patrick, Megan E. (Mitwirkung) ; Schulenberg, John E. (Mitwirkung)
Medienart: Elektronisch Forschungsdaten
Sprache:Englisch
Veröffentlicht: [Erscheinungsort nicht ermittelbar] [Verlag nicht ermittelbar] 2017
In:Jahr: 2017
Online-Zugang: Volltext (kostenfrei)
Verfügbarkeit prüfen: HBZ Gateway
Schlagwörter:

MARC

LEADER 00000cam a22000002c 4500
001 1840040602
003 DE-627
005 20250707113123.0
007 cr uuu---uuuuu
008 230324s2017 xx |||||o 00| ||eng c
024 7 |a 10.3886/ICPSR36904.v2  |2 doi 
035 |a (DE-627)1840040602 
035 |a (DE-599)KXP1840040602 
040 |a DE-627  |b ger  |c DE-627  |e rda 
041 |a eng 
084 |a 2,1  |2 ssgn 
100 1 |a Miech, Richard A.  |e VerfasserIn  |4 aut 
245 1 0 |a Monitoring the Future: A Continuing Study of American Youth, 1977 (Restricted-Use) 
264 1 |a [Erscheinungsort nicht ermittelbar]  |b [Verlag nicht ermittelbar]  |c 2017 
336 |a Text  |b txt  |2 rdacontent 
337 |a Computermedien  |b c  |2 rdamedia 
338 |a Online-Ressource  |b cr  |2 rdacarrier 
520 |a This data collection is part of the Monitoring the Future series that explores changes in important values, behaviors, and lifestyle orientations of contemporary American youth in eighth, tenth, and twelfth grades. The collection provides two datasets for each year since 1976 that are accessible only through the ICPSR Virtual Data Enclave VDE) and include original variables, including the unaltered weight variable, that in the public-use data were altered or omitted: one dataset without State, County, and Zip Code and one dataset including State, County, and Zip Code. <strong>Use of the geographic identifiers such as state, county, or zip code is limited and researchers interested in these variables are encouraged to read <a href="https://www.icpsr.umich.edu/icpsrweb/content/NAHDAP/faqs/mtf-restricted-version-faq.html"> FAQs: About MTF Restricted-Use Geographic and Other Variables.</a></strong> Also included as part of each annual collection is a zip archive of the Monitoring the Future public-use data and documentation for each respective year. The basic research design used by the Monitoring the Future study involves annual data collections from eighth, tenth, and twelfth graders throughout the coterminous United States during the spring of each year. The 8th/10th grade surveys used four different questionnaire forms (and only two forms from 1991-1996) rather than the six used with seniors. Identical forms are used for both eighth and tenth grades, and for the most part, questionnaire content is drawn from the twelfth-grade questionnaires. Thus, key demographic variables and measures of drug use and related attitudes and beliefs are generally identical for all three grades. However, many fewer questions about lifestyles and values are included in the 8th/10th grade forms. Drugs covered by this survey include tobacco, smokeless tobacco, alcohol, marijuana, hashish, prescription medications, over-the-counter medications, inhalants, steroids, LSD, hallucinogens, amphetamines (stimulants), Ritalin (methylphenidate), Quaaludes (methaqualone), barbiturates (tranquilizers), cocaine, crack cocaine, ecstasy, methamphetamine, heroin, and GHB (gamma hydroxy butyrate). Other topics include attitudes toward religion, changing roles for women, educational aspirations, self-esteem, exposure to drug education, and violence and crime (both in and out of school). 
540 |a ICPSR Terms of Use 
650 4 |a Alcohol 
650 4 |a Attitudes 
650 4 |a Crime 
650 4 |a demographic characteristics 
650 4 |a drug education 
650 4 |a Drug use 
650 4 |a e-cigarettes 
650 4 |a educational objectives 
650 4 |a family background 
650 4 |a Gender Roles 
650 4 |a High school students 
650 4 |a Human Behavior 
650 4 |a Lifestyles 
650 4 |a Prescription Drugs 
650 4 |a Religious attitudes 
650 4 |a self esteem 
650 4 |a Social Change 
650 4 |a Tobacco use 
650 4 |a Values 
650 4 |a Youths 
655 7 |a Forschungsdaten  |0 (DE-588)1098579690  |0 (DE-627)857755366  |0 (DE-576)469182156  |2 gnd-content 
700 1 |a Bachman, Jerald G.  |e MitwirkendeR  |4 ctb 
700 1 |a Johnston, Lloyd D.  |e MitwirkendeR  |4 ctb 
700 1 |a O'Malley, Patrick M.  |e MitwirkendeR  |4 ctb 
700 1 |a Patrick, Megan E.  |e MitwirkendeR  |4 ctb 
700 1 |a Schulenberg, John E.  |e MitwirkendeR  |4 ctb 
787 0 8 |i Forschungsdaten zu  |a Mehus, Christopher J.  |t 35-year-old parents do not approve of 17-year-olds' cigarette, marijuana, or alcohol use: U.S. national data 1993-2018  |d 2022  |w (DE-627)1912447533 
787 0 8 |i Forschungsdaten zu  |a Patrick, Megan E.  |t Alcohol use disorder symptoms reported during midlife: Results from the Monitoring the Future Study among US adults at modal ages 50, 55, and 60  |d 2023  |w (DE-627)1912455005 
787 0 8 |i Forschungsdaten zu  |a Allendorf, Keera  |t Developmental Idealism and a Half Century of Family Attitude Trends in the United States  |d Population Association of America (PAA), 2022  |w (DE-627)1912511762 
787 0 8 |i Forschungsdaten zu  |a Allendorf, Keera  |t Developmental Idealism and a Half Century of Family Attitude Trends in the United States  |d [Erscheinungsort nicht ermittelbar] : SocArXiv, 2022  |w (DE-627)1912511770 
787 0 8 |i Forschungsdaten zu  |a Allendorf, Keera  |t Developmental idealism and a half-century of family attitude trends in the United States  |d 2023  |w (DE-627)1912511789 
787 0 8 |i Forschungsdaten zu  |a Dills, Angela K.  |t The Effects of Marijuana Liberalizations: Evidence from Monitoring the Future  |d National Bureau of Economic Research, 2017  |w (DE-627)1912532034 
787 0 8 |i Forschungsdaten zu  |a Carpenter, Christopher, 1976 -   |t Effects of state education requirements for substance use prevention  |d 2019  |w (DE-627)1912533189 
787 0 8 |i Forschungsdaten zu  |a Terry-McElrath, Yvonne  |t The end of convergence in developmental patterns of frequent marijuana use from ages 18 to 30: An analysis of cohort change from 1976-2016  |d 2018  |w (DE-627)1912535998 
787 0 8 |i Forschungsdaten zu  |a Kuettel, Benjamin Thomas  |t Increasing liberalization: A time series analysis of the public's mood toward drugs  |d 2024  |w (DE-627)1912588684 
787 0 8 |i Forschungsdaten zu  |a Miech, Richard A.  |t The influence of college attendance on risk for marijuana initiation in the United States: 1977 to 2015  |d 2017  |w (DE-627)1912590379 
787 0 8 |i Forschungsdaten zu  |a McCabe, Sean Esteban  |t Is early onset of nonmedical prescription stimulant use associated with cocaine use during adolescence? Results from a national study  |d 2024  |w (DE-627)191259871X 
787 0 8 |i Forschungsdaten zu  |a McCabe, Sean Esteban  |t Longitudinal analysis of substance use disorder symptom severity at age 18 years and substance use disorder in adulthood  |d 2022  |w (DE-627)1912611872 
787 0 8 |i Forschungsdaten zu  |a Campbell, David E., 1971 -   |t Participation in Context: How Communities and Schools Shape Civic Engagement  |d Harvard University, 2002  |w (DE-627)1912645262 
787 0 8 |i Forschungsdaten zu  |a Martz, Meghan E.  |t Passing on pot: High school seniors' reasons for not using marijuana as predictors of future use  |d 2018  |w (DE-627)1912645653 
787 0 8 |i Forschungsdaten zu  |a Tauras, John A.  |t Price, Clean Indoor Air, and Cigarette Smoking: Evidence from the Longitudinal Data for Young Adults  |d National Bureau of Economic Research (NBER), 1999  |w (DE-627)1912662752 
787 0 8 |i Forschungsdaten zu  |a McCabe, Sean Esteban  |t A prospective study of nonmedical use of prescription opioids during adolescence and subsequent substance use disorder symptoms in early midlife  |d 2019  |w (DE-627)1912668378 
787 0 8 |i Forschungsdaten zu  |a Terry-McElrath, Yvonne  |t Simultaneous alcohol and marijuana use among young adult drinkers: Age-specific changes in prevalence from 1977 to 2016  |d 2018  |w (DE-627)1912704072 
787 0 8 |i Forschungsdaten zu  |a McCabe, Sean Esteban  |t Trajectories of prescription drug misuse among US adults from ages 18 to 50 years  |d 2022  |w (DE-627)1912727463 
856 4 0 |u https://doi.org/10.3886/ICPSR36904.v2  |x Resolving-System  |z kostenfrei  |3 Volltext  |7 0 
935 |a mkri 
951 |a BO 
ELC |a 1 
LOK |0 000 xxxxxcx a22 zn 4500 
LOK |0 001 4296787861 
LOK |0 003 DE-627 
LOK |0 004 1840040602 
LOK |0 005 20230324125128 
LOK |0 008 230324||||||||||||||||ger||||||| 
LOK |0 035   |a (DE-2619)ICPSR36904 
LOK |0 040   |a DE-2619  |c DE-627  |d DE-2619 
LOK |0 092   |o n 
LOK |0 852   |a DE-2619 
LOK |0 852 1  |9 00 
LOK |0 935   |a foda  |a nacj 
LOK |0 939   |a 24-03-23  |b l01 
OAS |a 1 
ORI |a SA-MARC-krimdoka001.raw